Statistics for FIFA World Cup 2010: Semifinal Uruguay vs Netherlands

Click here to take the quiz!

General Stats

  • This quiz has been taken 89 times
  • The average score is 14 of 28

Answer Stats

#TeamPositionPlayer% Correct
10Atlético MadridFW / 1 goal / out 84'Diego Forlán
88%
11Bayern MünchenFW / 1 goal / out 89'Arjen Robben
87%
9Arsenal FCFWRobin van Persie
83%
7US PalermoFWEdinson Cavani
77%
10Inter MilanMF / 1 goalWesley Sneijder
76%
7Liverpool FCFWDirk Kuyt
75%
1S.S. LazioGKFernando Muslera
75%
1AFC AjaxGKMaarten Stekelenburg
71%
6Bayern MünchenMFMark van Bommel
66%
3Villarreal CFDFDiego Godín
65%
5FeyenoordDF / 1 goalGiovanni van Bronckhorst
65%
23Real MadridMF / in 46'Rafael van der Vaart
63%
3Everton FCDFJohn Heitinga
60%
22Juventus FCDFMartín Cáceres
59%
16SL BenficaDF / 1 goalMaxi Pereira
47%
11FC PortoMF / out 78'Álvaro Pereira
46%
4Hamburger SVDFJoris Mathijsen
46%
17Hamburger SVFW / in 89'Eljero Elia
36%
13BotafogoFW / in 78'Sebastián Abreu
36%
CoachÓscar Tabárez
31%
5SSC NapoliMFWalter Gargano
31%
CoachBert van Marwijk
28%
12VfB StuttgartDFKhalid Boulahrouz
25%
15AS MonacoMFDiego Pérez
22%
17CA PeñarolMFEgidio Arévalo
20%
21CA BanfieldFW / in 84'Sebastián Fernández
16%
6Universidad de ChileDFMauricio Victorino
14%
14AFC AjaxMF / out 46'Demy de Zeeuw
12%

Score Distribution

Percentile by Number Answered

Percent of People with Each Score

Your Score History

You have not taken this quiz